Técnicas de investigación social
שמור ב:
| מחבר ראשי: | |
|---|---|
| פורמט: | ספר |
| שפה: | ספרדית |
| יצא לאור: |
Buenos Aires, Argentina:
Lumen,
1995.
|
| מהדורה: | 24a. edición. |
| סדרה: | Colección Política, servicios y trabajo social.
|
| נושאים: | |
| תגים: |
הוספת תג
אין תגיות, היה/י הראשונ/ה לתייג את הרשומה!
|
MARC
| LEADER | 00000nam a2200000 a 4500 | ||
|---|---|---|---|
| 001 | UCR3424 | ||
| 003 | CL-VaPUC | ||
| 005 | 20250407202445.0 | ||
| 008 | 980124t19950000AG |||||||||||||||||spa|d | ||
| 999 | |c 447310 |d 447308 | ||
| 020 | |a 950-724-513-8 | ||
| 040 | |c Pontificia Universidad Católica de Valparaíso | ||
| 082 | 0 | 4 | |a 300.72 AND 1995 |2 21 |
| 100 | |a Ander-Egg, Ezequiel |e autor |9 563263 | ||
| 245 | 1 | 0 | |a Técnicas de investigación social |
| 250 | |a 24a. edición. | ||
| 260 | |a Buenos Aires, Argentina: |b Lumen, |c 1995. | ||
| 300 | |a 424 páginas: |b ilustraciones. | ||
| 490 | |a Colección Política, servicios y trabajo social. | ||
| 500 | |a c.1-c.2.Instituto Arcos.08-01-2025. | ||
| 583 | |a last modification |c 19980124 00:00:00 |k Gabriela Rodríguez Cuevas | ||
| 650 | 0 | |a Investigación social |9 307814 |x Metodología | |
| 650 | 0 | |a Ciencias sociales |9 256351 |x Métodos de investigación | |
| 650 | 0 | |a Ciencias sociales |9 256351 |x Investigaciones | |
| 942 | |c BK |2 ddc |n 0 | ||
| 945 | |d 19980124 00:00:00 |a aolguin | ||
| 952 | |0 0 |1 0 |2 ddc |4 0 |6 300_720000000000000_AND_1995 |7 0 |8 A |9 601166 |a BIBINC |b BIBINC |d 2025-03-13 |e Instituto Arcos |i 5666066 |o 300.72 AND 1995 |p 5666066 |r 2025-03-13 |t 1 |w 2025-03-13 |y BK |k IFP | ||
| 952 | |0 0 |1 0 |2 ddc |4 0 |6 300_720000000000000_AND_1995 |7 0 |8 A |9 601167 |a BIBINC |b BIBINC |d 2025-03-13 |e Instituto Arcos |i 5666067 |o 300.72 AND 1995 |p 5666067 |r 2025-03-13 |t 2 |w 2025-03-13 |y BK |k IFP | ||